| 000 | nam a22 a 4500 | ||
|---|---|---|---|
| 999 |
_c1265 _d1265 |
||
| 003 | AKMAL | ||
| 005 | 20170509085231.0 | ||
| 008 | 1 t1988 my a e | 000 0 may d | ||
| 040 | _aAKMAL | ||
| 082 | _a297.52 GHA | ||
| 090 |
_a297.52 _bGHA |
||
| 100 | 1 |
_aAl Ghazali, _d1988- _92509 |
|
| 245 | 1 |
_aRahsia-rahsia shalat / _cal-Ghazali, terjemahan Muhammad al-Baqir |
|
| 260 |
_aKuala Lumpur : _bPustaka Jasmin, _c1988 |
||
| 300 |
_a206p. : _bil. ; _c22cm. |
||
| 500 | _aMengandungi ayat-ayat dari quran | ||
| 500 | _aJudul asal " Asrar as-shalan" | ||
| 650 |
_aPrayer _xIslam _91518 |
||
| 700 |
_aMuhammad al-Baqir _92510 |
||
| 942 |
_2ddc _cBOOK |
||